[Event "Nordstrand GP Langsjakk 2017"]
[Site ""]
[Date "2017.04.22"]
[Round "2"]
[White "Huse, Sigurd Kjelsbøl"]
[Black "Støre, Trond"]
[Result "1/2-1/2"]
[WhiteElo "1926"]
[BlackElo "2084"]
[PlyCount "105"]
[EventDate "2017.??.??"]

1. e4 c5 2. Nf3 d6 3. Bb5+ Nd7 4. O-O a6 5. Bd3 Ngf6 6. c3 b5 7. Bc2 Bb7 8. Re1
Rc8 9. d4 cxd4 10. cxd4 Qc7 11. Bd3 Bxe4 12. Bxe4 Nxe4 13. Bf4 Ndf6 14. Nbd2
Qb7 15. Nxe4 Nxe4 16. Qd3 Nf6 17. Bxd6 e6 18. Bxf8 Kxf8 19. Rac1 g6 20. Rxc8+
Qxc8 21. Qe3 Kg7 22. Rc1 Qb8 23. h3 Rc8 24. Ng5 h6 25. Rxc8 Qxc8 26. Ne4 Nd5
27. Qd2 Qc4 28. b3 Qb4 29. Qxb4 Nxb4 30. Nc5 Nxa2 31. Nxa6 Nc1 32. Nc7 Ne2+ 33.
Kf1 Nxd4 34. f4 Kf6 35. Kf2 Kf5 36. Ke3 Nc2+ 37. Kd2 Nd4 38. Ke3 Nxb3 39. Nxb5
Na5 40. Nd6+ Kf6 41. g4 Ke7 42. Ne4 Nc4+ 43. Kd4 Nb6 44. Nc3 f6 45. h4 Nc8 46.
g5 Nd6 47. gxf6+ Kxf6 48. Ne4+ Nxe4 49. Kxe4 h5 50. Ke3 e5 51. Ke4 exf4 52.
Kxf4 Ke6 53. Ke4
1/2-1/2

[Event "Nordstrand GP Langsjakk 2017"]
[Site ""]
[Date "2017.04.22"]
[Round "2"]
[White "Mansoor, Afras"]
[Black "Pronstad, Thomas"]
[Result "0-1"]
[WhiteElo "2037"]
[BlackElo "1876"]
[PlyCount "86"]
[EventDate "2017.??.??"]

1. d4 d5 2. c4 c6 3. Nf3 Nf6 4. Nc3 dxc4 5. a4 e6 6. e3 c5 7. Bxc4 Nc6 8. O-O
Be7 9. Qe2 cxd4 10. Rd1 a6 11. exd4 O-O 12. Ne5 Qc7 13. Bf4 Bd6 14. Rac1 Ne7
15. Bd3 Qd8 16. Bb1 Ned5 17. Bg5 Be7 18. Rd3 Nxc3 19. bxc3 Nd5 20. Bd2 Bg5 21.
Rh3 g6 22. Rf3 Bd7 23. c4 Nc7 24. Nxd7 Bxd2 25. Nf6+ Qxf6 26. Rxf6 Bxc1 27. Rf3
Rad8 28. Rd3 Rd7 29. g3 Rfd8 30. Qd1 Bb2 31. Qb3 Bxd4 32. Qxb7 e5 33. Kg2 Ne6
34. Qc6 Rd6 35. Qf3 e4 36. Qxe4 Nc5 37. Qf3 Nxd3 38. Qxd3 Bxf2 39. Qe4 Rd2 40.
Kf1 Bc5 41. Bc2 Kf8 42. Qe5 Rf2+ 43. Kg1 Rf5+
0-1

[Event "Nordstrand GP Langsjakk 2017"]
[Site ""]
[Date "2017.04.22"]
[Round "2"]
[White "Smeby, Ole"]
[Black "Gonzàles, Francisco Silva"]
[Result "0-1"]
[WhiteElo "1936"]
[BlackElo "2026"]
[PlyCount "78"]
[EventDate "2017.??.??"]

1. d4 Nf6 2. Nf3 d5 3. e3 e6 4. c4 c6 5. Bd3 Nbd7 6. O-O Bd6 7. Nc3 O-O 8. Qc2
a6 9. e4 dxc4 10. Bxc4 e5 11. d5 Nb6 12. Bb3 Bg4 13. Qd3 c5 14. Nd2 h6 15. Qg3
Qd7 16. h3 Bh5 17. Nf3 Bg6 18. Re1 Rae8 19. Nh4 Nh5 20. Qg4 Kh7 21. a4 Nf6 22.
Qe2 Qd8 23. Nxg6 fxg6 24. a5 Nbd7 25. Bd2 Nh5 26. g3 Re7 27. Bd1 Ref7 28. Be3
Bc7 29. Qc4 Bxa5 30. Bxc5 Nxc5 31. Rxa5 b5 32. Qxc5 Qxa5 33. Bg4 Qd8 34. d6
Rxf2 35. Qxe5 Qb6 36. Kh1 Qe3 37. Rg1 Rf1 38. Ne2 Rxg1+ 39. Nxg1 Nxg3+
0-1

[Event "Nordstrand GP Langsjakk 2017"]
[Site ""]
[Date "2017.04.22"]
[Round "2"]
[White "Rukovci, Shemsi"]
[Black "Selbekk, Vebjørn"]
[Result "1-0"]
[WhiteElo "2026"]
[BlackElo "1976"]
[PlyCount "62"]
[EventDate "2017.??.??"]

1. e4 d6 2. d4 Nf6 3. Nc3 g6 4. h3 c6 5. Nf3 Bg7 6. Be3 a5 7. Be2 O-O 8. O-O
Na6 9. Bxa6 Rxa6 10. Rb1 b5 11. Bg5 b4 12. Bxf6 Bxf6 13. Ne2 c5 14. c3 Bb7 15.
Nd2 cxd4 16. Nxd4 Qa8 17. Qe2 Rc8 18. Qe3 Qa7 19. Qd3 Bxd4 20. cxd4 Rac6 21.
Rfe1 Ba6 22. Qe3 Rc2 23. Nf3 Kg7 24. e5 d5 25. Qf4 h6 26. e6 f6 27. Nh4 Bd3 28.
Rbd1 g5 29. Qf3 Be4 30. Nf5+ Bxf5 31. Qxf5 Rxb2
1-0

[Event "Nordstrand GP Langsjakk 2017"]
[Site ""]
[Date "2017.04.22"]
[Round "2"]
[White "Lindbøl, Aleksander"]
[Black "Skaslien, Ingrid"]
[Result "1/2-1/2"]
[WhiteElo "1971"]
[BlackElo "1755"]
[Annotator "Lars"]
[PlyCount "120"]
[EventDate "2017.??.??"]

1. c4 c5 2. Nc3 b6 3. e3 e6 4. d4 cxd4 5. exd4 Bb7 6. Nf3 Nf6 7. Be2 d5 8. O-O
Be7 9. Bf4 O-O 10. Rc1 Nc6 11. h3 Rc8 12. cxd5 Nxd5 13. Nxd5 Qxd5 14. Bc4 Qd8
15. Be3 Bf6 16. a3 Na5 17. Bd3 Rxc1 18. Bxc1 Bxf3 19. Qxf3 Qd5 20. Be4 Qb3 21.
d5 exd5 22. Bxd5 Qxf3 23. Bxf3 Nb3 24. Be3 Rc8 25. Rd1 Rd8 26. Rxd8+ Bxd8 27.
Bd5 Nc5 28. Bd4 Nd7 29. b3 Bf6 30. Be3 Bb2 31. a4 Kf8 32. Kf1 Ke7 33. Ke2 Nc5
34. a5 Bc3 35. axb6 axb6 36. Kd1 f6 37. Kc2 Ba5 38. h4 h6 39. h5 Kd6 40. Ba8
Ke5 41. g4 Kd6 42. Bc1 Be1 43. f4 Bg3 44. Kc3 Ne6 45. Ba3+ Kd7 46. f5 Nc7 47.
Bf8 Nxa8 48. Bxg7 Bf4 49. Bxf6 Nc7 50. Kc4 Ne8 51. Bh8 Nd6+ 52. Kd5 Nf7 53. Bd4
Bc7 54. Be3 Bd8 55. Bf4 Be7 56. Be5 Bf8 57. Bd4 b5 58. f6 Bb4 59. Bb2 Bd6 60.
Bd4 Bb4
1/2-1/2

[Event "Nordstrand GP Langsjakk 2017"]
[Site ""]
[Date "2017.04.22"]
[Round "2"]
[White "Abrahamsen, Knut Ø"]
[Black "Jashari, Driton"]
[Result "1-0"]
[WhiteElo "1885"]
[BlackElo "1851"]
[PlyCount "107"]
[EventDate "2017.??.??"]

1. e4 e6 2. d4 c6 3. Nd2 d5 4. Ngf3 dxe4 5. Nxe4 Nf6 6. Nxf6+ Qxf6 7. Bg5 Qf5
8. Bd3 Qa5+ 9. Qd2 Qxd2+ 10. Nxd2 h6 11. Bf4 Be7 12. Ne4 O-O 13. O-O-O Nd7 14.
g4 Nf6 15. Rdg1 Nxe4 16. Bxe4 Bh4 17. Bg3 Bxg3 18. Rxg3 f5 19. gxf5 exf5 20.
Bd3 Be6 21. Rhg1 g5 22. f4 g4 23. Re3 Kf7 24. Rge1 Rae8 25. Re5 Bd7 26. Bxf5
Rxe5 27. Rxe5 Bxf5 28. Rxf5+ Kg7 29. Rxf8 Kxf8 30. Kd2 Kf7 31. Ke3 Kf6 32. Ke4
h5 33. c4 h4 34. d5 g3 35. hxg3 hxg3 36. Kf3 g2 37. Kxg2 cxd5 38. cxd5 b5 39.
Kf3 Kf5 40. Ke3 a5 41. Kd4 b4 42. Kc5 Ke4 43. Kb5 b3 44. a3 Kd3 45. d6 Kc2 46.
d7 Kxb2 47. d8=Q Kxa3 48. Qxa5+ Kb2 49. Qd2+ Ka1 50. Qc3+ b2 51. Qa3+ Kb1 52.
Kc4 Kc1 53. Qc3+ Kb1 54. Kb3
1-0

[Event "Nordstrand GP Langsjakk 2017"]
[Site ""]
[Date "2017.04.22"]
[Round "2"]
[White "Unneland, Mathias"]
[Black "Lund, Elin Teresa Stensrud"]
[Result "0-1"]
[WhiteElo "1788"]
[BlackElo "1868"]
[PlyCount "58"]
[EventDate "2017.??.??"]

1. e4 c5 2. Nf3 a6 3. a4 Nc6 4. Bc4 Nf6 5. Nc3 e6 6. O-O d5 7. exd5 exd5 8.
Re1+ Be7 9. Be2 d4 10. Nb1 O-O 11. d3 Nd5 12. c4 Nc7 13. Nbd2 f5 14. Bf1 Bd6
15. g3 Ne6 16. Bg2 Qc7 17. Rxe6 Bxe6 18. Ng5 Nd8 19. Nxe6 Nxe6 20. Bd5 Rae8 21.
Qf3 Kh8 22. Nb3 f4 23. g4 Ng5 24. Qd1 Qe7 25. Bd2 Nh3+ 26. Kf1 Nxf2 27. Qf3
Nxd3 28. Qxd3 Qh4 29. Qf3 Re3
0-1

[Event "Nordstrand GP Langsjakk 2017"]
[Site ""]
[Date "2017.04.22"]
[Round "2"]
[White "Kvendseth, Thyra"]
[Black "Sebastian, Andreas"]
[Result "0-1"]
[WhiteElo "1865"]
[BlackElo "1810"]
[PlyCount "100"]
[EventDate "2017.??.??"]

1. d4 Nf6 2. c4 e6 3. Nf3 Bb4+ 4. Bd2 Qe7 5. g3 Nc6 6. Bg2 O-O 7. O-O Bxd2 8.
Nbxd2 d6 9. a3 a5 10. Rb1 a4 11. Qc2 e5 12. d5 Nb8 13. e4 Nbd7 14. Ne1 Nc5 15.
Nd3 Nxd3 16. Qxd3 Nd7 17. f4 f5 18. Rbe1 exf4 19. exf5 Ne5 20. Qe4 Bxf5 21.
Qxf4 Bd3 22. Qe3 Bxf1 23. Bxf1 Rae8 24. Kh1 Qf6 25. Bh3 Ng4 26. Qxe8 Rxe8 27.
Rxe8+ Kf7 28. Re1 Qxb2 29. Bxg4 Qxd2 30. Be6+ Kf6 31. Rf1+ Ke5 32. Rf3 Kd4 33.
Bf5 Kxc4 34. Bxh7 Qxd5 35. Kg2 b5 36. Bc2 Kc5 37. Bd3 Qa2+ 38. Rf2 Qxa3 39.
Rf5+ d5 40. Be2 b4 41. Rf7 c6 42. h4 b3 43. h5 Qb2 44. Kf3 a3 45. g4 a2 46. g5
a1=Q 47. h6 gxh6 48. g6 Qh1+ 49. Kg3 Qxe2 50. Rg7 Qhh2#
0-1

[Event "Nordstrand GP Langsjakk 2017"]
[Site ""]
[Date "2017.04.22"]
[Round "2"]
[White "Ali, Karim"]
[Black "Reigstad, Erlend"]
[Result "0-1"]
[WhiteElo "1841"]
[BlackElo "1576"]
[PlyCount "66"]
[EventDate "2017.??.??"]

1. e4 e5 2. Nf3 Nc6 3. Bc4 Nf6 4. d3 Bc5 5. O-O O-O 6. Bg5 d6 7. c3 h6 8. Bh4
Be6 9. Nbd2 a6 10. a4 Qe7 11. a5 Rad8 12. Qb3 Rb8 13. h3 Rfd8 14. Bd5 Ba7 15.
Qd1 g5 16. Bxe6 Qxe6 17. Bg3 g4 18. hxg4 Qxg4 19. Nh4 Qxg3 20. Nf5 Qxd3 21.
Nxh6+ Kh7 22. Nxf7 Rg8 23. Nf3 Qxd1 24. Raxd1 Nxe4 25. Rde1 Ng3 26. Kh2 Nxf1+
27. Rxf1 Kg6 28. N7g5 Rh8+ 29. Kg3 Ne7 30. Ne6 Nf5+ 31. Kg4 Kf6 32. Nfg5 Rbg8
33. g3 Nh6+
0-1

[Event "Nordstrand GP Langsjakk 2017"]
[Site ""]
[Date "2017.04.22"]
[Round "3"]
[White "Edvardsen, Ragnar"]
[Black "Getz, Nicolai"]
[Result "0-1"]
[WhiteElo "1969"]
[BlackElo "2403"]
[PlyCount "82"]
[EventDate "2017.??.??"]

1. e4 c5 2. Nf3 e6 3. d4 cxd4 4. Nxd4 Nc6 5. c4 Nf6 6. Nc3 Qc7 7. Be3 a6 8. Be2
Bb4 9. Nxc6 bxc6 10. Bd3 Rb8 11. f4 d5 12. e5 Nd7 13. O-O Bc5 14. Bxc5 Nxc5 15.
b3 O-O 16. Rf3 f5 17. Rc1 Qa7 18. Kh1 d4 19. Ne2 Nxd3 20. Rxd3 c5 21. Rh3 Rd8
22. Ng1 Bb7 23. Nf3 Be4 24. Qe2 h6 25. Nd2 Bc6 26. Rg3 Qf7 27. h4 Be8 28. Rh3
Qh5 29. Nf3 a5 30. Qd2 a4 31. bxa4 Rb4 32. a5 Bc6 33. Ne1 Qg4 34. Kh2 Be4 35.
Qf2 Ra4 36. Kg1 d3 37. Qd2 Rxa2 38. Qxa2 d2 39. Ra1 Qe2 40. Nf3 d1=Q+ 41. Kh2
Qxa2
0-1

[Event "Nordstrand GP Langsjakk 2017"]
[Site ""]
[Date "2017.04.22"]
[Round "3"]
[White "Kvisla, Johannes Luangtep"]
[Black "Hansen, Victor"]
[Result "1-0"]
[WhiteElo "2318"]
[BlackElo "2097"]
[PlyCount "53"]
[EventDate "2017.??.??"]

1. d4 d5 2. Bf4 Nf6 3. e3 Bg4 4. Nf3 e6 5. c4 Bb4+ 6. Nc3 O-O 7. Qb3 Nc6 8. Ne5
Nxe5 9. Bxe5 Bxc3+ 10. bxc3 dxc4 11. Qxb7 Qd5 12. Qxd5 Nxd5 13. Bxc4 Nxc3 14.
f3 Bh5 15. Rc1 Nd5 16. Bxd5 exd5 17. Bxc7 Rfe8 18. Kd2 f6 19. Rc5 Bf7 20. Rhc1
Re6 21. a4 Rae8 22. R1c3 Ra6 23. Ra5 Ree6 24. Rcc5 Be8 25. Rxd5 Bxa4 26. Rd8+
Kf7 27. d5
1-0

[Event "Nordstrand GP Langsjakk 2017"]
[Site ""]
[Date "2017.04.22"]
[Round "3"]
[White "Ranaldi, Lucas"]
[Black "Rukovci, Shemsi"]
[Result "1-0"]
[WhiteElo "2309"]
[BlackElo "2026"]
[PlyCount "61"]
[EventDate "2017.??.??"]

1. Nf3 d5 2. d4 Nf6 3. c4 e6 4. Nc3 Be7 5. Bg5 O-O 6. e3 h6 7. Bxf6 Bxf6 8. Qd2
Nc6 9. Rc1 dxc4 10. Bxc4 Na5 11. Be2 Nc6 12. O-O Qe7 13. Ne4 a6 14. Rfd1 g5 $11
15. Nxf6+ Qxf6 16. Qc3 Qe7 17. Ne5 Nb4 18. Qxc7 Qxc7 19. Rxc7 Nxa2 20. Bh5 Nb4
21. Bxf7+ Kg7 22. Bxe6+ Kf6 23. Bxc8 Rfxc8 24. Rxb7 Nd5 25. Rf7+ Ke6 26. Rh7
Rc2 27. Rxh6+ Kf5 28. Re1 Nf6 29. f3 Rb8 30. e4+ Ke6 31. Rxf6+
1-0

[Event "Nordstrand GP Langsjakk 2017"]
[Site ""]
[Date "2017.04.22"]
[Round "3"]
[White "Al-Tarbosh, Ward"]
[Black "Kakushadze, Ilia"]
[Result "0-1"]
[WhiteElo "2219"]
[BlackElo "2097"]
[PlyCount "56"]
[EventDate "2017.??.??"]

1. e4 c5 2. Nf3 g6 3. d4 cxd4 4. Qxd4 Nf6 5. e5 Nc6 6. Qa4 Nd5 7. Qe4 Nb6 8.
Nc3 d5 9. exd6 Bf5 10. dxe7 Bxe7 11. Qe2 O-O 12. Be3 Bf6 13. Qd2 Nb4 14. O-O-O
Qc7 15. Nb5 Qe7 16. Nbd4 Bxc2 17. Nxc2 Rac8 18. Nfe1 Na4 19. Bd4 Rfd8 20. Kb1
Nxc2 21. Nxc2 Bxd4 22. Nxd4 Qe4+ 23. Bd3 Qxd4 24. Rhe1 Qb6 25. Rc1 Rxc1+ 26.
Rxc1 Rxd3 27. Rc8+ Kg7 28. Qc2 Qd4
0-1

[Event "Nordstrand GP Langsjakk 2017"]
[Site ""]
[Date "2017.04.22"]
[Round "3"]
[White "Pronstad, Thomas"]
[Black "Sahl, Sheila Barth"]
[Result "1/2-1/2"]
[WhiteElo "1876"]
[BlackElo "2166"]
[PlyCount "35"]
[EventDate "2017.??.??"]

1. Nf3 d5 2. d4 Nf6 3. c4 c6 4. Nc3 dxc4 5. a4 Bf5 6. e3 e6 7. Bxc4 Bb4 8. O-O
O-O 9. Qe2 Nbd7 10. e4 Bg6 11. Bd3 Qa5 12. Bf4 Nh5 13. Be3 e5 14. Na2 Nf4 15.
Bxf4 exf4 16. Nxb4 Qxb4 17. Qd2 Qxd2 18. Nxd2
1/2-1/2

[Event "Nordstrand GP Langsjakk 2017"]
[Site ""]
[Date "2017.04.22"]
[Round "3"]
[White "Sousa, Ludy Helsio P"]
[Black "Haugland, Rasmus L"]
[Result "1-0"]
[WhiteElo "2152"]
[BlackElo "1944"]
[PlyCount "43"]
[EventDate "2017.??.??"]

1. e4 c6 2. Nc3 d5 3. Nf3 Bg4 4. h3 Bxf3 5. Qxf3 dxe4 6. Nxe4 Nd7 7. d4 Ngf6 8.
Nxf6+ Nxf6 9. c3 Qb6 10. Bd3 e6 11. O-O Be7 12. Qg3 g6 13. Bh6 Bf8 14. Bxf8
Rxf8 15. Qh4 Nd5 16. c4 Nb4 17. Be2 Rd8 18. Rad1 Nc2 19. d5 cxd5 20. cxd5 Rxd5
21. Rxd5 exd5 22. Qa4+
1-0

[Event "Nordstrand GP Langsjakk 2017"]
[Site ""]
[Date "2017.04.22"]
[Round "3"]
[White "Skaslien, Ingrid"]
[Black "Nordquelle, Daniel"]
[Result "0-1"]
[WhiteElo "1755"]
[BlackElo "2094"]
[PlyCount "56"]
[EventDate "2017.??.??"]

1. d4 Nf6 2. c4 c5 3. d5 e6 4. Nc3 exd5 5. cxd5 d6 6. e4 g6 7. Be2 Bg7 8. Nf3
O-O 9. O-O Qe7 10. Qc2 Bg4 11. Bf4 Re8 12. Bb5 Nbd7 13. Nd2 a6 14. Bxd7 Bxd7
15. Rfe1 b5 16. f3 Nh5 17. Be3 Be5 18. Bf2 Qg5 19. Nf1 Nf4 20. Be3 f5 21. Ng3
h5 22. exf5 gxf5 23. Kh1 h4 24. Nf1 Kh8 25. Rad1 Rg8 26. Rd2 Rae8 27. g3 Qh5
28. gxf4 Qxf3+
0-1

[Event "Nordstrand GP Langsjakk 2017"]
[Site ""]
[Date "2017.04.22"]
[Round "3"]
[White "Omtvedt, Per"]
[Black "Støre, Trond"]
[Result "1/2-1/2"]
[WhiteElo "1917"]
[BlackElo "2084"]
[PlyCount "66"]
[EventDate "2017.??.??"]

1. e4 c5 2. Nc3 a6 3. g3 b5 4. Bg2 Bb7 5. d3 e6 6. f4 d5 7. exd5 exd5 8. Nf3
Nf6 9. O-O Be7 10. Ne5 O-O 11. d4 c4 12. Be3 Nbd7 13. Qe2 Re8 14. Nd1 Ne4 15.
Nf2 Ndf6 16. g4 Nxf2 17. Qxf2 Ne4 18. Bxe4 dxe4 19. g5 Qd5 20. h3 f6 21. gxf6
Bxf6 22. Kh2 Rf8 23. Qg3 Rae8 24. Rad1 Qe6 25. c3 Qf5 26. Rg1 Rd8 27. Ng4 Kh8
28. Rd2 Bd5 29. Rdg2 Rg8 30. Ne5 Rd6 31. Ng4 Rdd8 32. Ne5 Rd6 33. Ng4 Rdd8
1/2-1/2

[Event "Nordstrand GP Langsjakk 2017"]
[Site ""]
[Date "2017.04.22"]
[Round "3"]
[White "Jashari, Driton"]
[Black "Mansoor, Afras"]
[Result "0-1"]
[WhiteElo "1851"]
[BlackElo "2037"]
[PlyCount "112"]
[EventDate "2017.??.??"]

1. e4 Nf6 2. Nc3 d5 3. e5 Ne4 4. Nxe4 dxe4 5. d4 exd3 6. cxd3 Nc6 7. f4 Bf5 8.
Nf3 Qd7 9. Be3 Nb4 10. Nd4 O-O-O 11. a3 Nd5 12. Nxf5 Qxf5 13. Qf3 h5 14. Be2 g5
15. O-O e6 16. d4 g4 17. Qf2 h4 18. Bc4 Be7 19. Bxd5 Rxd5 20. Rac1 Qe4 21. Rfe1
Rg8 22. Qc2 Qxc2 23. Rxc2 Kb8 24. Rec1 c6 25. Kf1 Rgd8 26. b4 a5 27. Rc4 Rb5
28. Bd2 Kc7 29. Ke2 axb4 30. Bxb4 Bxb4 31. axb4 Ra8 32. R1c2 Ra3 33. Rb2 Ra1
34. h3 gxh3 35. gxh3 Ra3 36. Rc5 Rxh3 37. Rb1 Rxc5 38. bxc5 Ra3 39. Rg1 Rg3 40.
Rd1 h3 41. Kf2 Rb3 42. Rh1 Rd3 43. Ke2 Rxd4 44. Ke3 Rc4 45. Kd3 Rxc5 46. Rxh3
Kd7 47. Rh8 Rb5 48. Rf8 Ke7 49. Rc8 Rb4 50. Ke3 Rb5 51. Rc7+ Kf8 52. Kd4 Kg7
53. Kc4 Kg6 54. Rd7 Rb1 55. Kc5 Rc1+ 56. Kd4 Rd1+
0-1

[Event "Nordstrand GP Langsjakk 2017"]
[Site ""]
[Date "2017.04.22"]
[Round "3"]
[White "Gonzàles, Francisco Silva"]
[Black "Huse, Sigurd Kjelsbøl"]
[Result "1-0"]
[WhiteElo "2026"]
[BlackElo "1926"]
[PlyCount "97"]
[EventDate "2017.??.??"]

1. d4 d5 2. c4 c6 3. Nc3 Nf6 4. e3 a6 5. Qc2 Nbd7 6. Nf3 e6 7. b3 Be7 8. Bb2
O-O 9. Be2 dxc4 10. bxc4 b5 11. O-O Bb7 12. c5 Nd5 13. a4 Qc7 14. Ne4 h6 15.
Rfc1 Rfe8 16. Ne5 N7f6 17. Ng3 Red8 18. Bf3 Bf8 19. Qe2 Rdb8 20. e4 Ne7 21. Nd3
Rd8 22. a5 Ng6 23. Qe3 Re8 24. Bd1 Rad8 25. f4 Bc8 26. h3 Kh8 27. Bb3 Ng8 28.
Ne5 Nxe5 29. fxe5 Ne7 30. Rf1 Ng6 31. Rf2 Re7 32. Nh5 Kg8 33. Kh1 Red7 34. Ba2
Nxe5 35. dxe5 Rd3 36. Qf4 Bxc5 37. Qg4 g6 38. Nf6+ Kg7 39. Rff1 Bb4 40. Rf2 Rd2
41. Rxd2 Bxd2 42. Rf1 c5 43. Qf3 c4 44. Bd4 Bxa5 45. Bc5 Qb7 46. Bd6 Bd2 47. h4
a5 48. Nh5+ gxh5 49. Qf6+
1-0

[Event "Nordstrand GP Langsjakk 2017"]
[Site ""]
[Date "2017.04.22"]
[Round "3"]
[White "Selbekk, Vebjørn"]
[Black "Abrahamsen, Knut Ø"]
[Result "1-0"]
[WhiteElo "1976"]
[BlackElo "1885"]
[PlyCount "127"]
[EventDate "2017.??.??"]

1. d4 Nf6 2. c4 e6 3. Nc3 d5 4. cxd5 exd5 5. Bg5 Be7 6. e3 O-O 7. Bd3 Be6 8.
Nf3 Nbd7 9. Rc1 Re8 10. O-O Rc8 11. Qb3 Nb6 12. a4 c5 13. Qc2 h6 14. dxc5 Bxc5
15. Bh4 Bb4 16. Nd4 Bd7 17. Bb5 Bxb5 18. Ndxb5 a6 19. Nd4 Rc4 20. Qb3 Bxc3 21.
Rxc3 Re4 22. Bxf6 Qxf6 23. a5 Rxc3 24. bxc3 Nc4 25. Qxb7 Nxa5 26. Qxd5 Re5 27.
Qa8+ Kh7 28. Qc8 Qd6 29. Qg4 Qc7 30. Qf4 Nc4 31. Nf3 Rc5 32. Qxc7 Rxc7 33. Ra1
Nb2 34. Rxa6 Rxc3 35. Ra1 Rc2 36. g3 Nd3 37. Rf1 Ra2 38. Ne1 Nxe1 39. Rxe1 Kg6
40. Rb1 Ra6 41. Rb5 Ra7 42. Kg2 Ra4 43. h4 f5 44. f4 Kf6 45. Rb6+ Kf7 46. Kf3
Ra3 47. Rb5 Kf6 48. Re5 g5 49. Rd5 g4+ 50. Ke2 Rb3 51. Rd6+ Kg7 52. h5 Rb2+ 53.
Rd2 Rb1 54. Rd7+ Kf6 55. Rh7 Rh1 56. Rxh6+ Kg7 57. Rg6+ Kf7 58. Rg5 Kf6 59. Kf2
Rh2+ 60. Kg1 Re2 61. h6 Rxe3 62. Kf2 Re7 63. Rh5 Rh7 64. Ke3 {Flag}
1-0

[Event "Nordstrand GP Langsjakk 2017"]
[Site ""]
[Date "2017.04.22"]
[Round "3"]
[White "Lund, Elin Teresa Stensrud"]
[Black "Lindbøl, Aleksander"]
[Result "0-1"]
[WhiteElo "1868"]
[BlackElo "1971"]
[PlyCount "110"]
[EventDate "2017.??.??"]

1. Nf3 c5 2. b3 Nc6 3. Bb2 d5 4. e3 e6 5. Bb5 Nf6 6. O-O Bd6 7. d3 O-O 8. Bxc6
bxc6 9. Nbd2 Nd7 10. e4 Qc7 11. Re1 Bf4 12. Nf1 d4 13. g3 Bd6 14. N3d2 e5 15.
Nc4 Nb6 16. Nxd6 Qxd6 17. Bc1 f5 18. exf5 Bxf5 19. f4 exf4 20. Bxf4 Qg6 21. Qd2
Nd5 22. Qg2 Bg4 23. Bd2 Qh5 24. h4 Qf7 25. Nh2 Bh3 26. Qxh3 Qf2+ 27. Kh1 Qxd2
28. Qe6+ Kh8 29. Re2 Qc3 30. Rf1 Ne3 31. Rf7 Rxf7 32. Qxf7 Qa1+ 33. Nf1 Qxf1+
34. Qxf1 Nxf1 35. Re5 Ne3 36. Rxc5 Rc8 37. b4 Kg8 38. Kg1 Kf7 39. Kf2 Ke6 40.
Kf3 Kd6 41. Ke4 Nd5 42. a3 Nc7 43. Ra5 Nb5 44. a4 Re8+ 45. Kf3 Na3 46. Rxa7
Nxc2 47. Rxg7 Nxb4 48. Rxh7 Nxd3 49. Rb7 c5 50. h5 c4 51. g4 c3 52. Rb1 c2 53.
Ra1 c1=Q 54. Rxc1 Nxc1 55. h6 d3
0-1

[Event "Nordstrand GP Langsjakk 2017"]
[Site ""]
[Date "2017.04.22"]
[Round "3"]
[White "Sebastian, Andreas"]
[Black "Egeland, Finn"]
[Result "1/2-1/2"]
[WhiteElo "1810"]
[BlackElo "1961"]
[PlyCount "63"]
[EventDate "2017.??.??"]

1. c4 e5 2. g3 c6 3. d4 e4 4. Bg2 d5 5. Nc3 Nf6 6. Bg5 Qb6 7. Bxf6 Qxb2 8. Qc1
Qxc1+ 9. Rxc1 gxf6 10. cxd5 f5 11. e3 Ba3 12. Rc2 Na6 13. dxc6 Nb4 14. Rd2 bxc6
15. Nge2 O-O 16. O-O Nd3 17. Rb1 Be6 18. f3 Rab8 19. fxe4 fxe4 20. Bxe4 Nb2 21.
Bxc6 Nc4 22. Rxb8 Rxb8 23. Rd3 Nb2 24. Rd2 Nc4 25. Rd1 Nxe3 26. Rd3 Nc2 27. Rd2
Ne3 28. d5 Bh3 29. Nf4 Bc5 30. Nxh3 Nxd5+ 31. Kg2 Nxc3 32. Rc2 $11
1/2-1/2

[Event "Nordstrand GP Langsjakk 2017"]
[Site ""]
[Date "2017.04.22"]
[Round "3"]
[White "Kvendseth, Thyra"]
[Black "Smeby, Ole"]
[Result "0-1"]
[WhiteElo "1865"]
[BlackElo "1936"]
[PlyCount "111"]
[EventDate "2017.??.??"]

1. d4 d5 2. Nf3 Nf6 3. Bf4 Bf5 4. e3 e6 5. Bd3 Bg4 6. h3 Bh5 7. Nbd2 Bd6 8.
Bxd6 cxd6 9. e4 Nc6 10. exd5 Nxd5 11. g4 Bg6 12. Bxg6 fxg6 13. c4 Nf4 14. Qb3
Qd7 15. O-O-O Ne2+ 16. Kb1 Nexd4 17. Nxd4 Nxd4 18. Qe3 e5 19. f4 Qe7 20. Rhe1
Nc6 21. Nf3 O-O 22. fxe5 dxe5 23. Nxe5 Rae8 24. Rd5 Qf6 25. Nd7 Qh4 26. Re5
Nxe5 27. Nxf8 Kxf8 28. Qc5+ Kf7 29. Qd5+ Re6 30. Rxe5 Qe7 31. Rxe6 Qxe6 32.
Qxb7+ Kf6 33. Qf3+ Kg5 34. Qd5+ Qxd5 35. cxd5 Kf6 36. d6 g5 37. d7 Ke7 38.
d8=Q+ Kxd8 39. Kc2 Kd7 40. Kd3 Kd6 41. Kc4 g6 42. b4 h5 43. Kb5 Kc7 44. Ka6 Kb8
45. a4 Ka8 46. b5 Kb8 47. a5 Ka8 48. b6 axb6 49. Kxb6 hxg4 50. hxg4 Kb8 51. Kc6
Ka7 52. Kd6 Ka6 53. Ke6 Kxa5 54. Kf6 Kb5 55. Kxg5 Kc6 56. Kxg6
0-1

[Event "Nordstrand GP Langsjakk 2017"]
[Site ""]
[Date "2017.04.22"]
[Round "3"]
[White "Reigstad, Erlend"]
[Black "Mirza, Raad"]
[Result "1-0"]
[WhiteElo "1576"]
[BlackElo "1930"]
[PlyCount "62"]
[EventDate "2017.??.??"]

1. d4 Nf6 2. c4 c5 3. d5 b5 4. cxb5 a6 5. bxa6 Bxa6 6. Nc3 g6 7. e4 Bxf1 8.
Kxf1 d6 9. g3 Bg7 10. Kg2 O-O 11. Nf3 Nbd7 12. a4 Qa5 13. Bd2 Rfb8 14. Qe2 Rxb2
15. Nd1 Rxd2 16. Nxd2 Nxe4 17. Ra2 Nxd2 18. Rxd2 Bf6 19. Ra2 Nb6 20. Ne3 Qb4
21. Qc2 Rxa4 22. Rb1 Rxa2 23. Qxa2 Qe4+ 24. Kg1 Na4 25. Rb8+ Kg7 26. h3 h5 27.
Qb3 Nc3 28. Ng2 Bd4 29. Kh2 Qf3 30. Qb2 Bxf2 31. Nf4 Qxg3+
1-0

[Event "Nordstrand GP Langsjakk 2017"]
[Site ""]
[Date "2017.04.22"]
[Round "3"]
[White "Unneland, Mathias"]
[Black "Ali, Karim"]
[Result "1-0"]
[WhiteElo "1788"]
[BlackElo "1841"]
[PlyCount "97"]
[EventDate "2017.??.??"]

1. e4 e6 2. d4 d5 3. Nd2 c5 4. c3 Nc6 5. Ngf3 Nf6 6. e5 Nd7 7. Bd3 Qb6 8. dxc5
Bxc5 9. Qe2 Qc7 10. Nb3 Be7 11. Bf4 Nc5 12. Nxc5 Bxc5 13. O-O h6 14. Kh1 g5 15.
Bg3 a5 16. h3 Be7 17. Nd4 Nxd4 18. cxd4 Bd7 19. f4 Qb6 20. Qf2 O-O-O 21. f5 Bb5
22. Bxb5 Qxb5 23. Rac1+ Kb8 24. f6 Bf8 25. Qc2 Qb6 26. Rf3 Bb4 27. Qb3 Qxd4 28.
a3 g4 29. Rf4 Qd2 30. Rd1 Qe2 31. Rf2 Qe4 32. axb4 gxh3 33. Qd3 hxg2+ 34. Rxg2
Qxb4 35. Qd4 Qb5 36. Bf2 Rc8 37. Rg7 Rc4 38. Qa7+ Kc7 39. Rxf7+ Kc6 40. Re7 d4
41. Rxe6+ Kc7 42. Rd6 Qxe5 43. Qb6+ Kc8 44. Qb3 Qe4+ 45. Kh2 Rc2 46. Qh3+ Kb8
47. Qg3 Ka8 48. R6xd4 Qe2 49. Rd8+
1-0

[Event "Nordstrand GP Langsjakk 2017"]
[Site ""]
[Date "2017.04.23"]
[Round "4"]
[White "Abrahamsen, Knut Ø"]
[Black "Edvardsen, Ragnar"]
[Result "0-1"]
[WhiteElo "1885"]
[BlackElo "1969"]
[PlyCount "76"]
[EventDate "2017.??.??"]

1. e4 c5 2. Na3 Nc6 3. Bb5 a6 4. Bxc6 bxc6 5. Nf3 d6 6. O-O e5 7. d3 Nf6 8. Nc4
g6 9. Qe1 Bg7 10. Nh4 Nh5 11. f4 exf4 12. e5 dxe5 13. Bxf4 Nxf4 14. Rxf4 O-O
15. Rf1 Be6 16. Nf3 Bxc4 17. dxc4 f5 18. Rd1 Qe7 19. b3 Rad8 20. Qe2 Bf6 21.
Kh1 e4 22. Ng1 Rd4 23. Rde1 Rfd8 24. Rf2 Bh4 25. g3 Bg5 26. Nh3 Rd2 27. Qf1
Rxf2 28. Qxf2 Bf6 29. Nf4 Bc3 30. Re2 Rd1+ 31. Kg2 Bd4 32. Nxg6 hxg6 33. Qf4
Rg1+ 34. Kh3 Qh7+ 35. Qh4 g5 36. Qxh7+ Kxh7 37. a4 Kh6 38. g4 fxg4#
0-1

[Event "Nordstrand GP Langsjakk 2017"]
[Site ""]
[Date "2017.04.23"]
[Round "4"]
[White "Ali, Karim"]
[Black "Kvendseth, Thyra"]
[Result "1-0"]
[WhiteElo "1841"]
[BlackElo "1865"]
[PlyCount "35"]
[EventDate "2017.??.??"]

1. e4 e5 2. Bc4 Nf6 3. Nc3 Bc5 4. d3 Nc6 5. a3 a6 6. Bg5 Be7 7. Nf3 O-O 8. Qd2
h6 9. Bxh6 gxh6 10. Qxh6 Nh7 11. h4 d5 12. Ng5 Nf6 13. Nxd5 Qxd5 14. Bxd5 Be6
15. Nxe6 Ne8 16. Rh3 f6 17. Nd8+ Rf7 18. Bxf7#
1-0

[Event "Nordstrand GP Langsjakk 2017"]
[Site "?"]
[Date "2017.04.23"]
[Round "4"]
[White "Smeby, Ole"]
[Black "Al-Tarbosh, Ward"]
[Result "0-1"]
[WhiteElo "1936"]
[BlackElo "2219"]
[PlyCount "64"]
[EventDate "2017.??.??"]

1. d4 d5 2. Nf3 Nf6 3. c4 c6 4. e3 e6 5. Bd3 dxc4 6. Bxc4 Nbd7 7. O-O Bd6 8.
Nc3 b5 9. Bd3 O-O 10. e4 e5 11. Bg5 exd4 12. Nxd4 Qc7 13. Rc1 Bxh2+ 14. Kh1 Bf4
15. Ncxb5 Qe5 16. Nf3 Qb8 17. Bxf4 Qxf4 18. Nbd4 c5 19. Nf5 Ne5 20. Ne7+ Kh8
21. Nxe5 Qxe5 22. Nxc8 Raxc8 23. Qe2 Qg5 24. Qf3 Ng4 25. Qg3 Rc6 26. Kg1 Rg6
27. Rfe1 Qd8 28. e5 Rg5 29. f4 Qd4+ 30. Kf1 Rh5 31. Ke2 f5 32. Rc2 Rd8 {flag}
0-1